00631nam a2200205Ia 450000500170000000800410001702000150005808200210007310000160009424500920011026000340020230000120023665000190024865000130026765000160028065000110029694200060030795200970031399900150041020250213050125.0240331s9999 xx 000 0 und d a8176254606 bSIN21951a305.4 aSingh, K. D 0aFeminism and Postfeminism:bThe Context of Modern Indian Women Poets Writing in English aNew DelhibSarup & Sonsc2004 a165 p., aPost Modernism aFeminism aWomen Poets aGender cL 001040708LaWERCLbWERCLcSSCd2024-03-31l0o 305.4 SINp1951r2024-03-31w2024-03-31yL c1703d1703